00318nam a2200133Ia 4500003000400000005001700004008004100021040001000062082001400072100002800086245003700114260001800151600001500169OSt20260518093451.0241002s9999 xx 000 0 und d cAACR2 a808.4 ROU aRousseau, Jean Jacques  0aEmile/cby Jean Jacques Rousseau aLondon:c1955 aLiterature